Rozvoj a podpora e-konkurenčného prostredia slovenských podnikov
Elektronický obchod, jeho význam. E-konkurenčné prostredie vo svete, v Európe a na Slovensku. Najdôležitejšie faktory ovplyvňujúce rozvoj elektronického obchodu na Slovensku. Hlavné faktory pre pozitívny rozvoj elektronického obchodu.
Salvato in:
| Autore principale: | |
|---|---|
| Altri autori: | |
| Natura: | Capitolo di libro |
| Lingua: | slovacco |
| Soggetti: | |
| Tags: |
Nessun Tag, puoi essere il primo ad aggiungerne!!
|
MARC
| LEADER | 00000naa$a2200000$$$4500 | ||
|---|---|---|---|
| 001 | 0022885 | ||
| 005 | 20240502071415.1 | ||
| 041 | 0 | |a slo | |
| 044 | |a SK | ||
| 245 | 1 | 0 | |a Rozvoj a podpora e-konkurenčného prostredia slovenských podnikov |c Radoslav Delina, Anton Meteňko |
| 520 | |a Elektronický obchod, jeho význam. E-konkurenčné prostredie vo svete, v Európe a na Slovensku. Najdôležitejšie faktory ovplyvňujúce rozvoj elektronického obchodu na Slovensku. Hlavné faktory pre pozitívny rozvoj elektronického obchodu. | ||
| 610 | 2 | 0 | |a obchod elektronický |
| 610 | 2 | 0 | |a prostredie podnikateľské |
| 610 | 2 | 0 | |a konkurencia |
| 610 | 2 | 0 | |a náklady investičné |
| 610 | 2 | 0 | |a svet |
| 610 | 2 | 0 | |a Európa |
| 610 | 2 | 0 | |a Slovensko |
| 100 | 1 | |a Delina, Radoslav | |
| 700 | 1 | |a Meteňko, Anton | |